Zdroje pracovných síl v regiónoch SR v rokoch 2000-2007 bakalárska práca

Gespeichert in:
Bibliographische Detailangaben
1. Verfasser: Dobšovičová, Simona
Körperschaft: Fakulta hospodárskej informatiky EU. Katedra štatistiky
Weitere Verfasser: Pardelová, Ružena
Format: Buch
Sprache:Slowakisch
Veröffentlicht: Bratislava 2009
Tags: Tag hinzufügen
Keine Tags, Fügen Sie das erste Tag hinzu!

MARC

LEADER 00000nam$a2200000$$$4500
001 0096068
005 20240319125210.8
041 0 |a slo 
044 |a SK 
245 1 0 |a Zdroje pracovných síl v regiónoch SR v rokoch 2000-2007  |b bakalárska práca  |c Simona Dobšovičová ; škol. Ružena Pardelová 
264 1 |a Bratislava  |c 2009 
300 |a 37 s. 
100 1 |a Dobšovičová, Simona 
700 1 |a Pardelová, Ružena 
710 2 |a Fakulta hospodárskej informatiky EU. Katedra štatistiky